000 00746nam a2200253Ia 4500
003 OSt
005 20220925231928.0
006 a|||||r|||| 00| 0
007 ta
008 220923b |||||||| |||| 00| 0 eng d
037 _cGeneral Book
040 _aRTL
_cRTL
_beng
041 _2eng
_aeng
082 _aV41.N41<--N35, L1
100 _aSelden Mark
_923110
245 0 _aYenan way in revolutionary China
260 _aMassachusetts
_bHarvard University Press
_c1971
300 _axi, 311p
_ccm.
490 _aHarvard East Asian Series; 62
500 _aBibliography: P 281-93; Glossary: P 294-96
650 _aChina History
942 _hV41.N41<--N35, L1
_cGB
_2CC
999 _c589797
_d589797